| 000 | 01070nam a2200277 i 4500 | ||
|---|---|---|---|
| 001 | bg | ||
| 100 | 1 | _aKENNY, Peter. | |
| 245 | 1 | 0 |
_aPanie Przewodniczący, Panie, Panowie ... : _bprzewodnik po sztuce i technice wystąpień publicznych ułożony specjalnie dla inżynierow i pracowników nauki / _cPeter Kenny ; w tł. [z ang.] Krzysztofa Pigonia. |
| 246 |
_iTyt. oryg.: _aA handbook of public speaking for scientists and engineers |
||
| 260 |
_aWrocław : _bOficyna Wydawnicza Politechniki Wrocławskiej, _c1995. |
||
| 300 |
_a215 s. ; _c21 cm. |
||
| 500 | _aOryg. : "A handbook of public speaking for scientists and engineers" 1982. | ||
| 504 | _aIndeks. | ||
| 650 | 9 |
_aNauka _xzjazdy i konferencje |
|
| 650 | 9 |
_aPomoce naukowe _xstosowanie |
|
| 650 | 9 |
_aRetoryka _xzagadnienia |
|
| 650 | 9 |
_aTechnika _xzjazdy i konferencje |
|
| 655 | _aPoradniki | ||
| 020 | _a8370851428 | ||
| 040 | _cBPK | ||
| 041 | 1 |
_apl _hen |
|
| 080 | _a808.5:316.47:159.9:372.64/.69](083.1) | ||
| 920 | _a83-7085-142-8 | ||
| 942 | _cKS | ||
| 008 | s pl f |000 0 pol | ||
| 999 |
_c37290 _d37290 |
||
| 856 |
_uhttp://koha.tu.koszalin.pl/cgi-bin/koha/opac-detail.pl?biblionumber=37290 _yKatalog online BPK |
||